Päťdesiaty ročník Behu oslobodenia mesta

Bibliographic Details
Main Author: Lipovský, Vladislav (Author)
Format: Article
Language:Slovak
PhysicalDescription:Fotografie
ISSN:1339-0554
Subjects:

MARC

LEADER 00000nab a2200000 4500
001 vtls011907984
003 SK-MaSNL
005 20260305030854.0
008 191218|2019 xo |||| || ||00 0|slo
040 |e rda 
041 |a slo 
043 |a e-xo 
044 |a xo  |c SK 
072 7 |a 352  |x Verejná správa najnižšieho stupňa. Miestna správa. Mestská správa. Správne orgány  |2 konspekt 
080 |a 796.442  |2 2011 
100 1 |a Lipovský, Vladislav  |4 aut  |9 1016165 
245 1 0 |a Päťdesiaty ročník Behu oslobodenia mesta  |c Vladislav Lipovský 
300 |b Fotografie 
336 |a text  |b txt  |2 rdacontent 
337 |a bez média  |b n  |2 rdamedia 
338 |a zväzok  |b nc  |2 rdacarrier 
610 2 7 |a Strážske (Slovensko).  |b Mesto  |2 mizkgz  |9 1607930 
610 2 7 |a Mestský bežecký oddiel (Strážske,Slovensko)  |2 mizkgz  |9 1608159 
611 2 7 |a Beh oslobodenia mesta Strážske  |n (50.:  |d 2019 :  |c Strážske, Slovensko)  |2 mizkgz  |9 1608259 
650 0 7 |a beh  |2 mizkgz  |9 3281 
650 0 7 |a bežecké preteky  |2 mizkgz  |9 31134 
650 0 7 |a 10.11.2019  |2 mizkgz  |9 1608260 
651 7 |a Michalovce (Slovensko)  |2 mizkgz  |9 22487 
651 7 |a Strážske (Slovensko)  |2 mizkgz  |9 29526 
651 7 |a Michalovce (Slovensko : okres)  |2 mizkgz  |9 19216 
773 0 |t Naše mesto  |g Roč. XXI, č. 6 (2019), s.4  |x 1339-0554 
787 0 8 |i Rec.: 
999 |c 3313513  |d 3315443